|
|
|
|
| LEADER |
02208nam a2200601 i 4500 |
| 001 |
nkc20162774499 |
| 003 |
CZ PrNK |
| 005 |
20160317092820.0 |
| 007 |
ta |
| 008 |
160127s2015 xr a g f 001 0 cze |
| 015 |
|
|
|a cnb002774499
|
| 020 |
|
|
|a 978-80-7413-318-3
|q (brožováno) :
|c Kč 328,00
|
| 035 |
|
|
|a (OCoLC)946293077
|
| 040 |
|
|
|a OLA001
|b cze
|d ABA001
|e rda
|
| 041 |
1 |
|
|a cze
|h eng
|
| 072 |
|
7 |
|a 75
|x Malířství
|2 Konspekt
|9 21
|
| 080 |
|
|
|a 75.021.32
|2 MRF
|
| 080 |
|
|
|a 75.02
|2 MRF
|
| 080 |
|
|
|a (035)
|2 MRF
|
| 100 |
1 |
|
|a Nelson, Mark Daniel
|7 ola2016903964
|4 aut
|
| 240 |
1 |
0 |
|a Learn to paint in acrylics with 50 small paintings.
|l Česky
|
| 245 |
1 |
0 |
|a Akryl :
|b 50 malých obrázků /
|c Mark Daniel Nelson ; překlad: Veronika Nohavicová
|
| 246 |
1 |
|
|i Název v tiráži:
|a Naučte se malovat: akryl - 50 malých obrázků
|
| 246 |
3 |
|
|a 50 malých obrázků - akryl
|
| 250 |
|
|
|a Vydání první
|
| 264 |
|
1 |
|a Brno :
|b Zoner Press,
|c 2015
|
| 300 |
|
|
|a 144 stran :
|b barevné ilustrace ;
|c 26 cm
|
| 336 |
|
|
|a text
|b txt
|2 rdacontent
|
| 336 |
|
|
|a statický obraz
|b sti
|2 rdacontent
|
| 337 |
|
|
|a bez média
|b n
|2 rdamedia
|
| 338 |
|
|
|a svazek
|b nc
|2 rdacarrier
|
| 490 |
1 |
|
|a Encyklopedie Zoner Press
|
| 490 |
1 |
|
|a Naučte se malovat
|
| 500 |
|
|
|a Přeloženo z angličtiny
|
| 500 |
|
|
|a Obálkový podnázev: učte se, malujte, vystavujte
|
| 500 |
|
|
|a Terminologický slovník
|
| 500 |
|
|
|a Obsahuje rejstřík
|
| 650 |
0 |
7 |
|a malba akrylovými barvami
|7 ph165757
|2 czenas
|
| 650 |
0 |
7 |
|a malířské techniky
|7 ph115215
|2 czenas
|
| 650 |
0 |
9 |
|a acrylic painting
|2 eczenas
|
| 650 |
0 |
9 |
|a painting techniques
|2 eczenas
|
| 655 |
|
7 |
|a příručky
|7 fd133209
|2 czenas
|
| 655 |
|
9 |
|a handbooks and manuals
|2 eczenas
|
| 700 |
1 |
|
|a Nohavicová, Veronika
|7 xx0136557
|4 trl
|
| 830 |
|
0 |
|a Encyklopedie Zoner Press
|0 s
|
| 830 |
|
0 |
|a Naučte se malovat
|0 s
|
| 910 |
2 |
|
|a BOA001
|b 3-1360.870
|
| 928 |
9 |
|
|a Zoner software
|
| 990 |
|
|
|a BK
|
| 995 |
|
|
|a 01
|
| 991 |
|
|
|b 201603
|c NOV
|
| 996 |
6 |
|
|b 2610661100
|c 3-1360.870
|l MZK
|r Sklad / do 1 hodiny
|n 0
|p p.v.
|w 001547507
|u 000010
|a 1
|e BOA001
|j MZK50
|s P
|
| 996 |
7 |
|
|b 2610661101
|c 3-1360.870
|l MZK
|r Sklad / do 1 hodiny
|n 8
|p p.v.
|w 001547507
|u 000020
|a 1
|e BOA001
|j MZK50
|s A
|